Normal view
MARC view
- الادارة الحديثة
Entry Topical Term
001 - CONTROL NUMBER
- control field: 32089
003 - CONTROL NUMBER IDENTIFIER
- control field: JO-AjAnu
005 - DATE AND TIME OF LATEST TRANSACTION
- control field: 20230606075409.0
008 - FIXED-LENGTH DATA ELEMENTS
- fixed length control field: 230606|| aca||aabn | a|a d
040 ## - CATALOGING SOURCE
- Original cataloging agency: JO-AjAnu
- Transcribing agency: JO-AjAnu
150 ## - HEADING--TOPICAL TERM
- Topical term or geographic name entry element: الادارة الحديثة
670 ## - SOURCE DATA FOUND
- Source citation: Work cat.: (JO-AjAnu)16482: المصري،احمد محمد, author 32088, الادارة الحديثة:الاتصالات-المعلومات-القرارات